000 00657nam a2200181 a 4500
001 000045904
005 20201002052520.0
008 150526s2015 dr ac 000 p spa d
020 _a9789945589504
040 _aDO-SdBNP
_bspa
_cBNPHU
082 _axxxx
_bxxxx
100 1 _aMoreta Jiménez, Pedro
_973970
245 1 0 _aFrases y pensamientos que te harán mejor como ser humano /
_cPedro Moreta Jiménez ; prólogo David Álvarez Martín.
260 _aSanto Domingo :
_bSantuario,
_c2015.
300 _a164 p. :
_bil., retrs. ;
_c23 cm.
500 _aIncluye datos biográficos del autor en las solapas.
700 1 2 _aÁlvarez Martín, David,
_epról.
_949551
999 _c45393
_d45393